000 00807nam a2200229 a 4500
005 20140307170322.0
008 140307b2000 ck ||||| |||| 00| 0 spa d
041 _aspa
044 _ack
090 _aLB
_b02823
100 _aGómez Sánchez, María del Rosario
_918348
245 _aEvaluación de la sostenibilidad de la cría de mariposas ornamentales en la comunidad indígena de Peña Roja (Amazonia colombiana)
260 _aBogotá
_bPontificia Universidad Javeriana. Facultad de Ciencias
_c2000
300 _a56 p.
650 _aZoocría
_97410
650 _aUso sostenible de los recursos naturales
_918349
650 _aMariposas
_918350
650 _aLepidópteros
_94756
650 _aEspecies promisorias
_94674
662 _aColombia
_cComunidad Peña Roja
_bAmazonas
942 _cImpreso
_2z
999 _c3058
_d3058